000 00414nam a2200169Ia 4500
003 GCL
008 140319s9999 xx 000 0 eng d
040 _aGCL /
_cGCL
082 0 4 _a629.5
_bS G
100 1 _aSTEWART, KEN
245 1 0 _aTHE GUIDER PILOT'S MANUAL /
_cSTEWART, KEN
260 _a[S.N] :
_bAIRLIFE PUBLISHING ،
_c1994
300 _a310\P
650 0 4 _aPILOTS
650 0 4 _aFLYING
942 _2ddc
_cBK
999 _c12140
_d12140